| 000 | 00574nam a2200229Ia 4500 | ||
|---|---|---|---|
| 003 | 0100 | ||
| 008 | 130303s9999 xx 000 0 und d | ||
| 020 | _a299099407 | ||
| 040 | _cARRUPELIB | ||
| 050 | _aPN4748.S58H31984 | ||
| 100 | _aHachten, William A | ||
| 245 | 4 | _aThe press and apartheid | |
| 245 | _brepression and propaganda in South Africa | ||
| 260 | _aMadison | ||
| 260 | _bUniversity of Wisconsin Press | ||
| 260 | _C1984 | ||
| 300 | _axvi | ||
| 300 | _b 336p. 24cm. | ||
| 650 | _bBible-Concordances | ||
| 700 | _aWilliam A. Hachten | ||
| 942 | 0 | 0 | _03 |
| 999 |
_c14784 _d14784 |
||